Personnage Bleach - Statistics

General Stats
  • This quiz has been taken 26 times
  • The average score is 48 of 90
Answer Stats
# Personnage % Correct
1 Ichigo Kurosaki
100%
9 Kisuke Urahara
100%
6 Orihime Inoue
100%
7 Chad
95%
5 Rukia Kuchiki
95%
10 Yoruichi Shihōin
95%
28 Byakuya Kuchiki
90%
27 Sōsuke Aizen
90%
8 Uryū Ishida
90%
62 Coyote Starrk
85%
2 Karin Kurosaki
85%
29 Kenpachi Zaraki
85%
30 Mayuri Kurotsuchi
85%
39 Rangiku Matsumoto
85%
26 Retsu Unohana
85%
54 Shinji Hirako
85%
35 Soi Fon
85%
31 Tōshirō Hitsugaya
85%
23 Yamamoto
85%
34 Gin Ichimaru
80%
67 Grimmjow Jaggerjack
80%
46 Ikkaku Madarame
80%
4 Isshin Kurosaki
80%
33 Kaname Tōsen
80%
42 Renji Abarai
80%
24 Shunsui Kyōraku
80%
65 Ulquiorra Cifer
80%
3 Yuzu Kurosaki
80%
63 Baraggan Luisenbarn
75%
64 Tier Halibel
75%
25 Jūshirō Ukitake
70%
43 Shuhei Hisagi
70%
45 Yachiru Kusajishi
70%
58 Rose
65%
32 Sajin Komamura
65%
55 Hiyori Sarugaki
60%
47 Izuru Kira
60%
38 Nanao Ise
60%
72 Nelliel Tu Odelschwanck
60%
66 Nnoitra Gilga
60%
19 Ganju Shiba
55%
14 Kon
55%
56 Lisa Yadōmaru
55%
59 Love Aikawa
55%
48 Momo Hinamori
55%
69 Szayelaporro Granz
55%
71 Yammy Riyalgo
55%
37 Chōjirō Sasakibe
50%
83 Franceska Mila Rose
50%
57 Kensei Muguruma
50%
40 Nemu Kurotsuchi
50%
89 Ryûken Ishida
50%
50 Yumichika Ayasegawa
50%
44 Isane Kotetsu
45%
21 Kaien Shiba
45%
20 Kûkaku Shiba
45%
41 Marechiyo Ōmaeda
45%
60 Mashiro Kuna
45%
16 Tatsuki Arisawa
45%
12 Ururu Tsumugiya
45%
61 Hachigen Ushōda
40%
68 Zommari Rureaux
40%
15 Don Kanonji
35%
11 Jinta Hanaraki
35%
17 Keigo Asano
35%
52 Kiyone Kotetsu
35%
70 Aaroniero Arruruerie
30%
36 Tetsuzaemon Iba
30%
22 Zangetsu
30%
49 Hanatarō Yamada
25%
13 Tessai Tsukabishi
25%
51 Akon
20%
84 Cyan Sung-Sun
20%
18 Mizuiro Kojima
20%
90 Grand Fisher
15%
75 Luppi Antenor
15%
73 Pesche Guatiche
15%
53 Sentarō Kotsubaki
15%
88 Yylfordt Granz
15%
74 Dondochakka Bilstin
10%
76 Dordoni
10%
80 Lilynette Gingerbuck
10%
79 Wonderweiss Margela
10%
77 Cirucci Thunderwitch
5%
82 Emilou Apacci
5%
81 Ggio Vega
5%
86 Shawlong Koufang
5%
85 Tesra Lindocruz
5%
87 Edrad Liones
0%
78 Gantenbainne Mosqueda
0%
No matching quizzes found
Score Distribution
Percent of People with Each Score
Percentile by Number Answered
Your Score History
You have not taken this quiz